Regioni Italiane Bagnate dal Mare - Morte Improvvisa - Statistics

Statistiche generali
  • Questo quiz è stato fatto 142 volte
  • Il punteggio medio è 14 su 15
Answers on the Grid
Answers color-coded by a green-red scale on the quiz's grid according to % correct below.
Abruzzo
Basilicata
Calabria
Campania
Emilia Romagna
Friuli Venezia Giulia
Lazio
Liguria
Lombardia
Marche
Molise
Piemonte
Puglia
Sardegna
Sicilia
Toscana
Trentino Alto Adige
Umbria
Valle d'Aosta
Veneto
 
Statistiche sulle risposte
Risposta % Corretto
Puglia
99%
Sardegna
99%
Lazio
98%
Toscana
98%
Liguria
97%
Calabria
96%
Sicilia
96%
Abruzzo
95%
Campania
95%
Emilia Romagna
95%
Friuli Venezia Giulia
95%
Basilicata
94%
Marche
94%
Veneto
92%
Molise
91%
Nessun quiz corrispondente trovato
Distribuzione punteggi
Percentuale di utenti per punteggio
Percentile per numero di risposta
I tuoi punteggi nel tempo
Non hai fatto questo quiz